000 00556nam a22001817a 4500
005 20251108172207.0
008 250721s1985 xx 000 0 ara d
082 1 4 _a630/مكر
100 1 _aالطالباني، مكرم
245 1 0 _aكيف تكون خبيرا في حديقتك /
264 1 _aبغداد :
_bمكتبة دار الكندي،
_c1985.
300 _a136ص
490 0 _aسلسلة الثقافة الزراعية ؛ 1
650 1 7 _aالزراعة
650 1 7 _aالحدائق المنزلية
942 _2ddc
_cBK
999 _c72784
_d72784